The one minute entrepreneur: the secrete to creating and sustaining a successful business (Record no. 81557)

MARC details
000 -LEADER
fixed length control field 00959nam a2200217 a 4500
008 - FIXED-LENGTH DATA ELEMENTS--GENERAL INFORMATION
fixed length control field 100121s2008 ||||||||||||||||| || u
020 ## - INTERNATIONAL STANDARD BOOK NUMBER
International Standard Book Number 9780755318285
050 ## - LIBRARY OF CONGRESS CALL NUMBER
Classification number HD 62.5 Bla
100 ## - MAIN ENTRY--PERSONAL NAME
Personal name Wills, Ethan
245 14 - TITLE STATEMENT
Title The one minute entrepreneur: the secrete to creating and sustaining a successful business
Statement of responsibility, etc Ken Blanchard, Don Hutson and Ethan Wills
260 ## - PUBLICATION, DISTRIBUTION, ETC. (IMPRINT)
Place of publication, distribution, etc New York
Name of publisher, distributor, etc Headline Publishing
Date of publication, distribution, etc 2008
300 ## - PHYSICAL DESCRIPTION
Extent xv, 133p.
350 ## -
-- 0.00
650 #0 - SUBJECT ADDED ENTRY--TOPICAL TERM
Topical term or geographic name as entry element ENTREPRENEURSHIP
650 #0 - SUBJECT ADDED ENTRY--TOPICAL TERM
Topical term or geographic name as entry element NEW BUSINESS ENTERPRISES
650 ## - SUBJECT ADDED ENTRY--TOPICAL TERM
Topical term or geographic name as entry element ENTERPRENEURSHIP
700 ## - ADDED ENTRY--PERSONAL NAME
Personal name Blanchard, Ken
700 ## - ADDED ENTRY--PERSONAL NAME
Personal name Hutson, Don
995 ## - RECOMMENDATION 995 [LOCAL, UNIMARC FRANCE]
-- 0.00
-- CBU-MAIN LIBRARY (Kitwe)
-- 1
-- 0.00
-- 1
-- AVAILABLE
-- Mar 4, 2010
-- Main Library Open Access Collection
995 ## - RECOMMENDATION 995 [LOCAL, UNIMARC FRANCE]
-- 0.00
-- CBU-MAIN LIBRARY (Kitwe)
-- 1
-- 0.00
-- 2
-- AVAILABLE
-- Mar 4, 2010
-- Main Library Open Access Collection
Holdings
Withdrawn status Lost status Source of classification or shelving scheme Damaged status Not for loan Permanent Location Current Location Shelving location Date acquired Total Checkouts Full call number Barcode Date last seen Date checked out Copy number Price effective from Koha item type
          CBU-MAIN LIBRARY, KITWE. CBU-MAIN LIBRARY, KITWE.   09/05/2023 1 HD 62.5 Bla 740646 01/22/2025 01/14/2025 1 09/05/2023 MONOGRAPH
          CBU-MAIN LIBRARY, KITWE. CBU-MAIN LIBRARY, KITWE.   09/05/2023 1 HD 62.5 Bla 740647 02/17/2026 02/03/2026 2 09/05/2023 MONOGRAPH